000 00311nam a22001457a 4500
008 210312b ||||| |||| 00| 0 eng d
020 _a9780321336347
041 _aeng
080 _25th
_a34
082 _25th
_a34
100 _a13
101 _aJUR
245 _aLaw & Economics
_cCooter,R
942 _2udc
_cBK
999 _c56570
_d56570